Братство Вия (Запись № 10190819)
[ простой вид ]
| 000 -МАРКЕР | |
|---|---|
| контрольное поле | 01663nam0a2200361 i 4500 |
| 001 - ИДЕНТИФИКАТОР ЗАПИСИ | |
| контрольное поле | RU\NLR\BIBL_A\010807906 |
| 005 - ИДЕНТИФИКАТОР ВЕРСИИ | |
| контрольное поле | 20240725005551.0 |
| 010 ## - МЕЖДУНАРОДНЫЙ СТАНДАРТНЫЙ НОМЕР КНИГИ (ISBN) | |
| Номер (ISBN) | 9785904482091 |
| Тираж | 500 |
| 021 ## - НОМЕР ГОСУДАРСТВЕННОЙ РЕГИСТРАЦИИ | |
| Код страны | Российская Федерация |
| Номер | 2015-45125 |
| Номер Листа государственной регистраци | 2681 |
| 035 ## - ДРУГИЕ СИСТЕМНЫЕ НОМЕРА | |
| Идентификатор записи | (NILC)RuMoRGB-007963649 |
| 035 ## - ДРУГИЕ СИСТЕМНЫЕ НОМЕРА | |
| Идентификатор записи | (NLR Aleph) 010807906 |
| 100 ## - ДАННЫЕ ОБЩЕЙ ОБРАБОТКИ | |
| Данные общей обработки | 20150723d2015 d y0rusy50 ca |
| 101 0# - ЯЗЫК РЕСУРСА | |
| Язык текста, звукозаписи и т.д. | русский |
| 102 ## - СТРАНА ПУБЛИКАЦИИ ИЛИ ПРОИЗВОДСТВА | |
| Страна публикации | Российская Федерация |
| 105 ## - ПОЛЕ КОДИРОВАННЫХ ДАННЫХ: ТЕКСТОВЫЕ МАТЕРИАЛЫ, МОНОГРАФИЧЕСКИЕ | |
| Кодированные данные о монографическом текстовом документе | a|||z|||000ay |
| 200 1# - ЗАГЛАВИЕ И СВЕДЕНИЯ ОБ ОТВЕТСТВЕННОСТИ | |
| Основное заглавие | Братство Вия |
| Сведения, относящиеся к заглавию | романы, рассказы |
| -- | [для среднего и старшего возраста] |
| Первые сведения об ответственности | Павел Перов |
| Последующие сведения об ответственности | [послесл. и коммент. Г. Пилиева |
| -- | ил. П. Перова и К. Росомахо] |
| 210 ## - ПУБЛИКАЦИЯ, РАСПРОСТРАНЕНИЕ И ДР. | |
| Место издания, распространения и т.д. | Москва |
| Имя издателя, распространителя и т. д. | Миллиорк |
| Дата издания, распространения и т.д. | 2015 |
| 215 ## - ФИЗИЧЕСКАЯ ХАРАКТЕРИСТИКА | |
| Специфическое обозначение материала и объем | 468, [2] с. |
| Другие сведения о физической характеристике | ил. |
| Размеры | 21 |
| 225 1# - СЕРИЯ | |
| Основное заглавие серии | Библиотека приключений и научной фантастики |
| Сведения об ответственности | сост. и ред.: Георгий Пилиев |
| 327 1# - ПРИМЕЧАНИЯ О СОДЕРЖАНИИ | |
| Текст примечания | Содерж.: Братство Вия; Пациент доктора Арнольди; Опыт профессора Кнопа; Великий Аоха; Магнит; Сенсационная статья репортера Мак-Карти; Серая Хризантема |
| 333 ## - ПРИМЕЧАНИЯ ОБ ОСОБЕННОСТЯХ РАСПРОСТРАНЕНИЯ И ИСПОЛЬЗОВАНИЯ | |
| Текст примечания | 12+ |
| 686 0# - ИНДЕКСЫ ДРУГИХ КЛАССИФИКАЦИЙ | |
| Индекс | Ш9(2)62=Р7-4 |
| 700 #1 - ИМЯ ЛИЦА - ПЕРВИЧНАЯ ОТВЕТСТВЕННОСТЬ | |
| Начальный элемент ввода | Перов |
| Часть имени, кроме начального элемента ввода | П. Н. |
| Даты | 1886-1980 |
| Расширение инициалов личного имени | Павел Николаевич |
| 702 #1 - ИМЯ ЛИЦА - ВТОРИЧНАЯ ОТВЕТСТВЕННОСТЬ | |
| Начальный элемент ввода | Перов |
| Часть имени, кроме начального элемента ввода | П. Н. |
| Даты | 1886-1980 |
| Расширение инициалов личного имени | Павел Николаевич |
| Код отношения | Карикатурист, Художник |
| 702 #1 - ИМЯ ЛИЦА - ВТОРИЧНАЯ ОТВЕТСТВЕННОСТЬ | |
| Начальный элемент ввода | Росомахо |
| Часть имени, кроме начального элемента ввода | К.А. |
| Код отношения | Карикатурист, Художник |
| 801 #0 - ИСТОЧНИК ЗАПИСИ | |
| Страна | Российская Федерация |
| Организация | РГБ |
| Дата составления | 20150626 |
| Правила каталогизации | RCR |
| 942 ## - ДОПОЛНИТЕЛЬНЫЕ ЭЛЕМЕНТЫ ЗАПИСИ (АБИС) | |
| Тип экземпляра АБИС | Книга |
| 980 ## - КОЛЛЕКЦИЯ | |
| Название коллекции | НБР |
Нет доступных экземпляров.